000 00675cab a2200253 4500
001 ABS53176
008 090401t1995 xxu||||| |||| 00| 0 eng d
035 _a(Sirsi) u2532
041 _aeng
245 _aCost model: football stadia
260 _c1995
350 _a0
490 _aBuilding
_v260(7899) 7 July 1995, 49-56(8)
520 _aA cost model from Davis Langdon & Everest.
650 _aBUILT ENVIRONMENT-BUILDING COSTS
650 _aCOST MODELS
650 _aDAVIS LANGDON AND EVEREST
650 _aDESIGN
650 _aFOOTBALL STADIA
650 _aSPORTS STADIA
690 _aBUILT ENVIRONMENT-BUILDING COSTS
942 _n0
948 _c04/03/1997
999 _c1524
_d1524